Staatsauftrag : Ziele, Programme und Wirkungen kultureller Teilhabe und Kulturvermittlung in der DDR.

Bibliographic Details
Main Author: Mandel, Birgit.
Other Authors: Wolf, Birgit.
Format: eBook
Language:German
Published: Bielefeld : transcript, 2020.
Edition:1st ed.
Series:Schriften zum Kultur- und Museumsmanagement
Subjects:
Online Access:Click to View
LEADER 04704nam a22004093i 4500
001 EBC6424769
003 MiAaPQ
005 20231204023215.0
006 m o d |
007 cr cnu||||||||
008 231204s2020 xx o ||||0 ger d
020 |a 9783839454268  |q (electronic bk.) 
020 |z 9783837654264 
035 |a (MiAaPQ)EBC6424769 
035 |a (Au-PeEL)EBL6424769 
035 |a (OCoLC)1227391567 
040 |a MiAaPQ  |b eng  |e rda  |e pn  |c MiAaPQ  |d MiAaPQ 
100 1 |a Mandel, Birgit. 
245 1 0 |a Staatsauftrag :  |b Ziele, Programme und Wirkungen kultureller Teilhabe und Kulturvermittlung in der DDR. 
250 |a 1st ed. 
264 1 |a Bielefeld :  |b transcript,  |c 2020. 
264 4 |c ©2020. 
300 |a 1 online resource (309 pages) 
336 |a text  |b txt  |2 rdacontent 
337 |a computer  |b c  |2 rdamedia 
338 |a online resource  |b cr  |2 rdacarrier 
490 1 |a Schriften zum Kultur- und Museumsmanagement 
505 0 |a Cover -- Inhalt -- Hinweise zur Publikation -- Einführung: Staatsauftrag »Kultur für alle« -- 1. Kulturpolitik, kulturelle Infrastruktur und Kulturvermittlung für kulturelle Teilhabe in der DDR - ein Überblick -- 1.1. Kulturpolitik in der DDR im Kontext kultureller Teilhabe -ein historischer Abriss -- 1.2. Leitmotive und Ziele der DDR-Kulturpolitik -- 1.3. System und Strukturen der Kulturpolitik und der Kulturvermittlung -- 1.4. DDR-spezifische Strategien, Instrumente und Institutionender Kunst- und Kulturvermittlung -- 1.5. Ausbildung und Professionalisierung für Kulturarbeit -- 1.6. Wirkungen der Maßnahmen für kulturelle Teilhabe -Ergebnisse aus empirischen Studien -- 1.7. Zentrale Diskurse der DDR-Kulturpolitik und Kulturwissenschaftzu kulturellen Bedürfnissen -- 2. Kultur für alle und von allen? - Auswertung der Interviews mit 32 Expertinnen und Experten des Kulturlebens der DDR -- 2.1. Kurzpräsentation der Befragten -- 2.2. Ziele der DDR-Kulturpolitik in Bezug auf kulturelle Teilhabeund Kulturvermittlung -- 2.3. Strukturen und Organisationen von Kulturarbeitund Kulturvermittlung -- 2.4. Kulturbegriff und Unterscheidung in Ernste Kunstund Unterhaltungskunst -- 2.5. Propaganda und Zensur -- 2.6. Kritisches und oppositionelles Potenzial von Kulturarbeit -- 2.7. Wirkungen der staatlichen Aktivitäten für kulturelle Teilhabe -- 2.8. Veränderungen des Kulturlebens nach der Wende -- 2.9. Stärken und Schwächen des DDR-Kulturvermittlungssystems -- 2.10. Zentrale Aussagen -- 3. Mein kulturelles Leben in der DDR - Auswertung der 60 Interviews mit Zeitzeuginnen und Zeitzeugen -- 3.1. Kulturelle Aktivitäten und Kulturinteresse zur DDR-Zeit -- 3.2. Institutionen der Vermittlung von Kunst und Kultur -- 3.3. Wahrnehmung des kulturellen Angebots -- 3.4. Propaganda und Zensur -- 3.5. Einschätzung des Stellenwertes von Kunst und Kulturfür den Staat. 
505 8 |a 3.6. Kultur für alle - Ziele und Wirkungen -- 3.7. Zusammenfassung -- 4. Kulturvermittlungsarbeit an drei exemplarischen Einrichtungen -- 4.1. Zentraler Klub der Jugend »Martin Andersen Nexö« in Dresden -bekannt als »Scheune« -- 4.2. »Klubhaus der Werktätigen« der Filmfabrik Wolfen -- 4.3. Gewandhaus zu Leipzig -- 4.4. Zusammenfassung -- 5. Erkenntnisse und Impulse für aktuelle Diskurse einer teilhabeorientierten Kulturpolitik und Kulturvermittlung -- 5.1. Zusammenfassung zentraler Erkenntnisse -- 5.2. Widersprüche der Kulturarbeit in der DDR -- 5.3. Impulse für aktuelle Diskurse einer teilhabeorientierten Kulturpolitik und Kulturvermittlung -- 5.4. Schlusswort -- Anhang -- Ausgewählte Interviews mit Expertinnen und Experten -- Dr. Wolfgang Thierse -- Prof. Dr. Gerd Dietrich -- Prof. Dr. sc. Birgit Jank -- Prof. Dr. Ute Mohrmann -- Prof. Dr. Susanne Binas-Preisendörfer -- Steffen Lieberwirth -- Dr. Heidi Graf -- Ausgewählte Interviews mit Zeitzeuginnen und Zeitzeugen -- Elektriker -- Fräserin -- Facharbeiterin für Eisenbahnbetrieb -- Kindergärtnerin -- Ingenieurin -- Bauingenieur -- Musiker -- Literatur- und Quellenverzeichnis. 
588 |a Description based on publisher supplied metadata and other sources. 
590 |a Electronic reproduction. Ann Arbor, Michigan : ProQuest Ebook Central, 2023. Available via World Wide Web. Access may be limited to ProQuest Ebook Central affiliated libraries.  
655 4 |a Electronic books. 
700 1 |a Wolf, Birgit. 
776 0 8 |i Print version:  |a Mandel, Birgit  |t Staatsauftrag: »Kultur für alle«  |d Bielefeld : transcript,c2020  |z 9783837654264 
797 2 |a ProQuest (Firm) 
830 0 |a Schriften zum Kultur- und Museumsmanagement 
856 4 0 |u https://ebookcentral.proquest.com/lib/matrademy/detail.action?docID=6424769  |z Click to View